[Event "Belgrade-chT"]
[Site "Belgrade"]
[Date "2017.10.29"]
[Round "9.4"]
[White "Todic, Zoran"]
[Black "Krstic, Milos M"]
[Result "0-1"]
[WhiteElo "2236"]
[BlackElo "2086"]
[PlyCount "64"]
[EventDate "2017.10.01"]
[EventType "team-tourn"]
[EventRounds "11"]
[EventCountry "SRB"]
[SourceTitle "CBM 181 Extra"]
[Source "ChessBase"]
[SourceDate "2017.12.12"]
[SourceVersion "1"]
[SourceVersionDate "2017.12.12"]
[SourceQuality "1"]
[WhiteTeam "Bogoslov"]
[BlackTeam "GSP Polet"]
[WhiteTeamCountry "SRB"]
[BlackTeamCountry "SRB"]

1. e4 e5 2. Nf3 Nf6 3. d3 Nc6 4. c3 d5 5. Nbd2 Be7 6. Qc2 0-0 7. Be2 a5 8. h3 Nh5 9. g3 g6 10. b3 Be6 11. Nf1 Ng7 12. h4 f5 13. Ng5 d4 14. Nxe6 Nxe6 15. exf5 gxf5 16. c4 Nc5 17. a3 Bf6 18. Bh6 Bg7 19. Bxg7 Kxg7 20. Nd2 e4 21. 0-0 Ne5 22. dxe4 d3 23. Qc3 Qf6 24. Rfc1 dxe2 25. h5 Ned3 26. e5 Qe6 27. Nf3 Nxc1 28. Nd4 Qb6 29. Rxc1 Ne4 30. Qa1 Rfd8 31. c5 e1Q+ 32. Rxe1 Qxc5 0-1

[Event "Belgrade-chT"]
[Site "Belgrade"]
[Date "2017.10.28"]
[Round "8.3"]
[White "Todic, Zoran"]
[Black "Jevtic, Miroljub L"]
[Result "1/2-1/2"]
[WhiteElo "2236"]
[BlackElo "2005"]
[PlyCount "147"]
[EventDate "2017.10.01"]
[EventType "team-tourn"]
[EventRounds "11"]
[EventCountry "SRB"]
[SourceTitle "CBM 181 Extra"]
[Source "ChessBase"]
[SourceDate "2017.12.12"]
[SourceVersion "1"]
[SourceVersionDate "2017.12.12"]
[SourceQuality "1"]
[WhiteTeam "Bogoslov"]
[BlackTeam "Vreoci Turbina"]
[WhiteTeamCountry "SRB"]
[BlackTeamCountry "SRB"]

1. e4 e5 2. Nf3 Nc6 3. c3 d5 4. Qa4 f6 5. exd5 Qxd5 6. Bc4 Qd7 7. 0-0 Bd6 8. d4 Nge7 9. Re1 Kf8 10. Bb3 Ng6 11. Na3 a6 12. Nb5 Nce7 13. Qc4 Nf5 14. Nxd6 Nxd6 15. Qb4 a5 16. Qa3 Qe7 17. dxe5 Nxe5 18. Bf4 Ndf7 19. Qxe7+ Kxe7 20. Bxf7 Kxf7 21. Bxe5 fxe5 22. Rxe5 Bd7 23. Rd1 Bc6 24. Rf5+ Kg6 25. g4 Bxf3 26. Rxf3 Rhd8 27. Rfd3 Rxd3 28. Rxd3 Ra6 29. Rd7 Rb6 30. b3 a4 31. Rxc7 axb3 32. axb3 Rxb3 33. c4 b5 34. Rc6+ Kf7 35. c5 Rc3 36. Kg2 b4 37. h4 b3 38. Rc7+ Kf6 39. Rb7 Rxc5 40. Rxb3 h6 41. f4 Rc7 42. Kf3 Kf7 43. Ke4 Rc4+ 44. Ke5 Rc5+ 45. Kd4 Rc7 46. h5 Ra7 47. Rb5 Kf6 48. Rb6+ Kf7 49. Rd6 Ke7 50. Rd5 Ra4+ 51. Ke5 Ra7 52. Kf5 Kf7 53. Rb5 Kg8 54. g5 hxg5 55. fxg5 Kh7 56. Ke6 Ra6+ 57. Ke5 Ra7 58. Rd5 Ra1 59. Ke6 Re1+ 60. Re5 Rh1 61. Kf7 Rf1+ 62. Ke7 Rh1 63. Kf7 Rf1+ 64. Ke6 Rh1 65. Kf5 Rf1+ 66. Ke6 Rh1 67. Kf5 Rf1+ 68. Kg4 Rg1+ 69. Kf3 Rh1 70. Kg4 Rg1+ 71. Kf5 Rf1+ 72. Ke6 Rh1 73. Kf7 Rf1+ 74. Ke6 1/2-1/2

[Event "Belgrade-chT"]
[Site "Belgrade"]
[Date "2017.10.14"]
[Round "4.2"]
[White "Radojevic, Sasa Z"]
[Black "Todic, Zoran"]
[Result "1-0"]
[WhiteElo "2026"]
[BlackElo "2236"]
[PlyCount "75"]
[EventDate "2017.10.01"]
[EventType "team-tourn"]
[EventRounds "11"]
[EventCountry "SRB"]
[SourceTitle "CBM 181 Extra"]
[Source "ChessBase"]
[SourceDate "2017.12.12"]
[SourceVersion "1"]
[SourceVersionDate "2017.12.12"]
[SourceQuality "1"]
[WhiteTeam "Lasta"]
[BlackTeam "Bogoslov"]
[WhiteTeamCountry "SRB"]
[BlackTeamCountry "SRB"]

1. d4 Nf6 2. Nf3 d6 3. Bg5 Nbd7 4. e3 c6 5. Be2 e5 6. c4 Qb6 7. Qc2 e4 8. Nfd2 d5 9. Nc3 Bb4 10. a3 Bxc3 11. Qxc3 h6 12. Bf4 0-0 13. 0-0 Re8 14. b4 Nf8 15. h3 Qd8 16. Rfc1 g5 17. Be5 Be6 18. cxd5 Nxd5 19. Qc2 f6 20. Bg3 f5 21. Bh5 Re7 22. Nc4 Nf6 23. Be2 Bxc4 24. Bxc4+ Kg7 25. b5 Rc8 26. Qb2 Ng6 27. bxc6 Rxc6 28. Be5 Rb6 29. Qc3 Nxe5 30. dxe5 Nd7 31. Rd1 Rc6 32. e6+ Kg6 33. exd7 Rxd7 34. Rxd7 Qxd7 35. Qb3 Qc7 36. Bb5 Rc5 37. Qg8+ Kh5 38. g3 1-0

[Event "Belgrade-chT"]
[Site "Belgrade"]
[Date "2016.10.09"]
[Round "2.3"]
[White "Velikic, Adela"]
[Black "Todic, Zoran"]
[Result "1-0"]
[WhiteElo "2265"]
[BlackElo "2265"]
[PlyCount "99"]
[EventDate "2016.10.08"]
[EventType "team-tourn"]
[EventRounds "13"]
[EventCountry "SRB"]
[SourceTitle "EXT 2017"]
[Source "ChessBase"]
[SourceDate "2016.10.25"]
[SourceVersion "1"]
[SourceVersionDate "2016.10.25"]
[SourceQuality "1"]
[WhiteTeam "Belgrade"]
[BlackTeam "Bogoslov"]
[WhiteTeamCountry "SRB"]
[BlackTeamCountry "SRB"]

1. e4 e5 2. Nf3 d6 3. d4 Nd7 4. Bc4 c6 5. 0-0 Be7 6. a4 Ngf6 7. Nc3 h6 8. Re1 Qc7 9. Bf1 Nf8 10. a5 Bg4 11. d5 a6 12. Be3 N8d7 13. h3 Bh5 14. dxc6 bxc6 15. Bd3 g5 16. Qe2 g4 17. hxg4 Bxg4 18. Na4 Bd8 19. Nb6 Nxb6 20. axb6 Qb8 21. Bxa6 Bxb6 22. Qc4 Qc7 23. Bb5 Rc8 24. Ba4 Bxf3 25. gxf3 Qd7 26. Kf1 Nh5 27. Bxb6 Nf4 28. Red1 Qh3+ 29. Ke1 Qxf3 30. Ra3 Ng2+ 31. Kd2 Qf4+ 32. Be3 Nxe3 33. fxe3 Qf2+ 34. Kc1 Rg8 35. Qa6 Ke7 36. Qb7+ Kf6 37. Qd7 Rcd8 38. Qf5+ Qxf5 39. exf5 Rg5 40. Bxc6 Rxf5 41. b4 h5 42. b5 e4 43. Ra4 d5 44. b6 h4 45. b7 Rh5 46. Ra8 Rhh8 47. Rxd5 Rb8 48. Rxb8 Rxb8 49. Ra5 h3 50. Bxe4 1-0

[Event "Cacak-ch rapid"]
[Site "Cacak"]
[Date "2014.12.11"]
[Round "6"]
[White "Irizanin, Radoje"]
[Black "Todic, Zoran"]
[Result "1-0"]
[WhiteElo "2305"]
[BlackElo "2227"]
[PlyCount "85"]
[EventDate "2014.12.10"]
[EventType "swiss (rapid)"]
[EventRounds "9"]
[EventCountry "SRB"]
[SourceTitle "EXT 2017"]
[Source "ChessBase"]
[SourceDate "2016.10.25"]
[SourceVersion "1"]
[SourceVersionDate "2016.10.25"]
[SourceQuality "1"]

1. e4 e5 2. Nf3 d6 3. d4 Nd7 4. Nc3 c6 5. a4 h6 6. Bc4 Be7 7. 0-0 Ngf6 8. Ba2 Qc7 9. Qe2 Nf8 10. Rd1 Bg4 11. h3 Bd7 12. Be3 Rg8 13. dxe5 dxe5 14. Qc4 Ne6 15. Nh4 g6 16. Nf3 g5 17. Nh2 Rg7 18. Rd2 b6 19. Rad1 Rd8 20. Ng4 Nxg4 21. hxg4 Bc8 22. Rxd8+ Bxd8 23. g3 Nf4 24. f3 Ne6 25. Kg2 Bb7 26. b4 Be7 27. b5 c5 28. Nd5 Qc8 29. Rh1 Rg6 30. c3 Bd8 31. Qe2 Kf8 32. Bc4 Kg7 33. Bc1 Qd7 34. Ne3 Kh7 35. Nf5 Be7 36. Rd1 Qe8 37. Qd3 Bc8 38. Qd5 Ng7 39. Qxf7 Bxf5 40. gxf5 Rd6 41. Rxd6 Qxf7 42. Bxf7 Bxd6 43. f6 1-0

[Event "Cacak-ch rapid"]
[Site "Cacak"]
[Date "2014.12.11"]
[Round "5"]
[White "Todic, Zoran"]
[Black "Smolovic, Mile"]
[Result "1/2-1/2"]
[WhiteElo "2227"]
[BlackElo "2351"]
[PlyCount "73"]
[EventDate "2014.12.10"]
[EventType "swiss (rapid)"]
[EventRounds "9"]
[EventCountry "SRB"]
[SourceTitle "EXT 2017"]
[Source "ChessBase"]
[SourceDate "2016.10.25"]
[SourceVersion "1"]
[SourceVersionDate "2016.10.25"]
[SourceQuality "1"]

1. e4 c5 2. c3 d5 3. exd5 Qxd5 4. d4 Nf6 5. dxc5 Qxc5 6. Be3 Qc7 7. Na3 a6 8. Nf3 Nbd7 9. Qa4 Nd5 10. Nc2 Nxe3 11. Nxe3 e6 12. 0-0-0 Be7 13. h4 0-0 14. Ng5 Nc5 15. Qc2 f5 16. Bc4 h6 17. Nf3 b5 18. Nd5 exd5 19. Bxd5+ Be6 20. Bxa8 Rxa8 21. Kb1 Rf8 22. Nd4 Bc8 23. h5 Ne4 24. f3 Ng3 25. Rhe1 Bf6 26. Qb3+ Qc4 27. Ne6 Qxb3 28. axb3 Re8 29. Nf4 Rxe1 30. Rxe1 Kf7 31. Kc2 Bg5 32. Ng6 Nxh5 33. Nh8+ Kf8 34. Ng6+ Kf7 35. Nh8+ Kf8 36. Ng6+ Kf7 37. Nh8+ 1/2-1/2

[Event "SRB Central-ch op-A 7th"]
[Site "Paracin"]
[Date "2014.07.12"]
[Round "9"]
[White "Todic, Zoran"]
[Black "Djokic, Nebojsa"]
[Result "1/2-1/2"]
[WhiteElo "2267"]
[BlackElo "2186"]
[PlyCount "122"]
[EventDate "2014.07.04"]
[EventType "swiss"]
[EventRounds "9"]
[EventCountry "SRB"]
[SourceTitle "CBM 161 Extra"]
[Source "ChessBase"]
[SourceDate "2014.08.29"]
[SourceVersion "1"]
[SourceVersionDate "2014.08.29"]
[SourceQuality "1"]

1. e4 c5 2. c3 g6 3. d4 cxd4 4. cxd4 d5 5. e5 Bg7 6. Nc3 Nc6 7. h3 Nh6 8. g4 0-0 9. Bg2 Be6 10. Nge2 Qa5 11. Bd2 Qb6 12. Na4 Qb5 13. Bf1 Qd3 14. Nc5 Nxd4 15. Bg2 Nf3+ 16. Bxf3 Qxf3 17. Ng3 Qxd1+ 18. Kxd1 Bc8 19. Re1 Rd8 20. Rc1 Kf8 21. f4 Ke8 22. Nb3 Bd7 23. Be3 Ba4 24. Kd2 Bxb3 25. axb3 Kd7 26. Rc5 e6 27. Rec1 Rdc8 28. Rxc8 Rxc8 29. Rxc8 Kxc8 30. Bxa7 Bf8 31. Ne2 Ng8 32. Nd4 Bb4+ 33. Kd3 Ne7 34. Nc2 Nc6 35. Bb6 Be7 36. Kc3 g5 37. Be3 Kd7 38. b4 gxf4 39. Bxf4 f6 40. exf6 Bxf6+ 41. Kb3 Nd4+ 42. Nxd4 Bxd4 43. h4 b5 44. Bh6 Ke7 45. h5 Kf6 46. Kc2 e5 47. b3 e4 48. Kd2 Bf2 49. Bf4 Bh4 50. Kc3 Bg5 51. Bc7 Ke6 52. Kd4 Bd2 53. Kc5 Be1 54. g5 Bf2+ 55. Kxb5 d4 56. Kc4 d3 57. Bf4 Be1 58. b5 d2 59. Bxd2 Bxd2 60. g6 hxg6 61. hxg6 Bf4 1/2-1/2

[Event "Belgrade City-chT"]
[Site "Belgrade"]
[Date "2013.11.14"]
[Round "10"]
[White "Zivkovic, Ljubomir S"]
[Black "Todic, Zoran"]
[Result "0-1"]
[WhiteElo "2074"]
[BlackElo "2254"]
[PlyCount "82"]
[EventDate "2013.10.26"]
[EventType "team-tourn"]
[EventRounds "11"]
[EventCountry "SRB"]
[SourceTitle "EXT 2015"]
[Source "ChessBase"]
[SourceDate "2014.11.20"]
[SourceVersion "1"]
[SourceVersionDate "2014.11.20"]
[SourceQuality "1"]

1. d4 d6 2. Nf3 Nf6 3. c4 Nbd7 4. Nc3 e5 5. e4 Be7 6. Be2 c6 7. h3 h6 8. Be3 Qc7 9. Qd2 a6 10. g4 b5 11. a3 Bb7 12. Rc1 bxc4 13. Bxc4 exd4 14. Bxd4 c5 15. Bxf6 Bxf6 16. 0-0 Rb8 17. Rfe1 h5 18. g5 Ne5 19. Nxe5 Bxe5 20. b4 cxb4 21. Nd5 Qd8 22. axb4 g6 23. f4 Bg7 24. f5 Be5 25. fxg6 fxg6 26. Nc7+ Qxc7 27. Bb5+ Bc6 28. Bxc6+ Ke7 29. Bd5 Qb6+ 30. Kg2 Rhf8 31. Rf1 h4 32. Rxf8 Rxf8 33. Rf1 Rxf1 34. Kxf1 Qb5+ 35. Kg2 Kd8 36. Bf7 Qa4 37. Bxg6 Qb3 38. Bf5 Qg3+ 39. Kf1 Bc3 40. Qe2 Bd4 41. Qc2 Qf3+ 0-1

[Event "Belgrade City-chT"]
[Site "Belgrade"]
[Date "2013.11.11"]
[Round "7"]
[White "Todic, Zoran"]
[Black "Mitrovic, Vladan"]
[Result "1-0"]
[WhiteElo "2254"]
[BlackElo "1916"]
[PlyCount "60"]
[EventDate "2013.10.26"]
[EventType "team-tourn"]
[EventRounds "11"]
[EventCountry "SRB"]
[SourceTitle "EXT 2015"]
[Source "ChessBase"]
[SourceDate "2014.11.20"]
[SourceVersion "1"]
[SourceVersionDate "2014.11.20"]
[SourceQuality "1"]

1. e4 e6 2. c4 g6 3. d4 Bg7 4. Nc3 Ne7 5. Be3 c6 6. Bd3 d6 7. Nge2 Nd7 8. f4 e5 9. Qd2 a6 10. fxe5 dxe5 11. d5 cxd5 12. cxd5 Ng8 13. a4 Ngf6 14. h3 0-0 15. a5 Qe7 16. 0-0 Qb4 17. Ra4 Qd6 18. Rc4 h5 19. Na4 Kh7 20. Nb6 Nxb6 21. axb6 Nd7 22. Qa5 Bh6 23. Bf2 f5 24. exf5 gxf5 25. Ng3 e4 26. Nxe4 fxe4 27. Rxe4 Kh8 28. Re6 Qf4 29. g3 Qg5 30. Rg6 Ne5 1-0

[Event "SRB Central-ch op-A 6th"]
[Site "Paracin"]
[Date "2013.07.09"]
[Round "5"]
[White "Todic, Zoran"]
[Black "Kasparova, Tatiana"]
[Result "0-1"]
[WhiteElo "2275"]
[BlackElo "2133"]
[PlyCount "96"]
[EventDate "2013.07.05"]
[EventType "swiss"]
[EventRounds "9"]
[EventCountry "SRB"]
[SourceTitle "CBM 155 Extra"]
[Source "ChessBase"]
[SourceDate "2013.08.26"]
[SourceVersion "1"]
[SourceVersionDate "2013.08.26"]
[SourceQuality "1"]

1. e4 d6 2. d4 Nf6 3. Nc3 e5 4. Nf3 Nbd7 5. Bg5 Be7 6. h3 c6 7. Bd3 0-0 8. Qd2 b5 9. a3 Rb8 10. Bxf6 Bxf6 11. d5 cxd5 12. Nxd5 Nc5 13. 0-0 Bb7 14. Nc3 a6 15. Rfd1 Qc7 16. Nh2 Be7 17. g4 Ne6 18. Nf1 Nf4 19. Kh2 Bd8 20. Ne3 g6 21. Rf1 Be7 22. Rac1 Rbc8 23. f3 Qc5 24. Ng2 Ne6 25. h4 Nd4 26. Be2 f5 27. Kh1 Rf7 28. g5 Rcf8 29. b4 Qc8 30. Qd3 Qa8 31. Qe3 Rc8 32. Rfe1 Bd8 33. Qd3 Rfc7 34. Nd5 Bxd5 35. exd5 Rc3 36. Qd1 Qxd5 37. Rf1 Qc6 38. Bd3 Bb6 39. h5 d5 40. hxg6 hxg6 41. Qe1 e4 42. fxe4 dxe4 43. Be2 Kg7 44. Nf4 Nxe2 45. Nxe2 Rh8+ 46. Kg2 Rch3 47. Ng1 Rh2+ 48. Kg3 Bxg1 0-1

[Event "SRB Central-ch op-A 6th"]
[Site "Paracin"]
[Date "2013.07.09"]
[Round "6"]
[White "Todic, Zoran"]
[Black "Lazov, Toni"]
[Result "1/2-1/2"]
[WhiteElo "2275"]
[BlackElo "1921"]
[PlyCount "68"]
[EventDate "2013.07.05"]
[EventType "swiss"]
[EventRounds "9"]
[EventCountry "SRB"]
[SourceTitle "CBM 155 Extra"]
[Source "ChessBase"]
[SourceDate "2013.08.26"]
[SourceVersion "1"]
[SourceVersionDate "2013.08.26"]
[SourceQuality "1"]

1. e4 c5 2. c3 Nf6 3. e5 Nd5 4. d4 cxd4 5. Qxd4 e6 6. Bc4 Nc6 7. Qe4 d6 8. Nf3 dxe5 9. Nxe5 Bd6 10. Nf3 Nf6 11. Qe2 0-0 12. Bg5 h6 13. Bh4 Be7 14. Nbd2 Nd5 15. Bg3 b6 16. 0-0-0 Na5 17. Bd3 Bd7 18. Nb3 Rc8 19. Ne5 Ba3 20. Bc2 Rxc3 21. bxa3 Qe7 22. Kb2 Rfc8 23. Bb1 Nxb3 24. axb3 Ba4 25. Rd3 Bxb3 26. Rxc3 Rxc3 27. Rc1 Rxc1 28. Kxc1 Qc5+ 29. Bc2 Qxa3+ 30. Kd2 Qa5+ 31. Kc1 Qa1+ 32. Kd2 Qa5+ 33. Kc1 Qa1+ 34. Kd2 Qa5+ 1/2-1/2

[Event "Belgrade-chT"]
[Site "Belgrade"]
[Date "2005.10.08"]
[Round "8"]
[White "Damjanovic, Dragan"]
[Black "Todic, Zoran"]
[Result "0-1"]
[WhiteElo "2264"]
[BlackElo "2262"]
[PlyCount "63"]
[EventDate "2005.10.01"]
[EventType "team-tourn"]
[EventRounds "9"]
[EventCountry "YUG"]
[SourceTitle "CBM 108 Extra"]
[Source "ChessBase"]
[SourceDate "2005.11.04"]
[SourceVersion "1"]
[SourceVersionDate "2005.11.04"]
[SourceQuality "1"]

1. d4 d6 2. Nf3 Bg4 3. c4 Bxf3 4. exf3 c6 5. Nc3 e6 6. Be3 d5 7. c5 Nd7 8. f4 b6 9. b4 bxc5 10. bxc5 Qa5 11. Bd2 Qc7 12. Qa4 a5 13. Bd3 Be7 14. 0-0 Bf6 15. Rab1 Ne7 16. Rb3 0-0 17. Rfb1 Rfb8 18. Ne2 Rxb3 19. Rxb3 Nf5 20. g3 Nxd4 21. Nxd4 Nxc5 22. Qxc6 Qxc6 23. Nxc6 a4 24. Bxh7+ Kxh7 25. Rb5 Ne4 26. Bb4 Rc8 27. Rb6 d4 28. Kf1 d3 29. Ke1 Bd4 30. Ra6 Bxf2+ 31. Kd1 Be3 32. Ba5 0-1

[Event "Belgrade Spring op"]
[Site "Belgrade"]
[Date "2005.04.02"]
[Round "9"]
[White "Sarenac, David"]
[Black "Todic, Zoran"]
[Result "0-1"]
[WhiteElo "2074"]
[BlackElo "2314"]
[PlyCount "108"]
[EventDate "2005.03.25"]
[EventType "swiss"]
[EventRounds "9"]
[EventCountry "YUG"]
[SourceTitle "CBM 105 Extra"]
[Source "ChessBase"]
[SourceDate "2005.05.01"]
[SourceVersion "1"]
[SourceVersionDate "2005.05.01"]
[SourceQuality "1"]

1. e4 e5 2. Nf3 d6 3. d4 Nd7 4. Bc4 c6 5. a4 Be7 6. 0-0 h6 7. Nc3 Ngf6 8. a5 Qc7 9. Be3 Nf8 10. d5 Ng4 11. Bd2 g5 12. a6 b5 13. Bb3 b4 14. Ne2 c5 15. c3 bxc3 16. Nxc3 Bd7 17. Ba4 Nf6 18. Qe2 Bxa4 19. Rxa4 Rb8 20. b4 N6d7 21. Be3 Ng6 22. g3 0-0 23. Rc1 Rfc8 24. Nb5 Qb6 25. Ra5 Ra8 26. Qa2 Bd8 27. Nc3 Qb8 28. Rb5 Bb6 29. Qa4 Ngf8 30. Nd2 cxb4 31. Qxb4 Bxe3 32. fxe3 Nb6 33. Nb3 Rc4 34. Qa3 Qe8 35. Rb4 Rac8 36. Na5 R4c5 37. Nc6 R8xc6 38. dxc6 Qxc6 39. Ne2 Nfd7 40. Rf1 Nc4 41. Qd3 Qxa6 42. Nc3 Ndb6 43. Nd5 Kg7 44. Qe2 Nxd5 45. exd5 Qc8 46. e4 Rc7 47. Qf2 Qd8 48. Rb3 Nb6 49. Rf3 Qe7 50. Qb2 Qd8 51. Qe2 Re7 52. R3f2 Nd7 53. h4 f6 54. hxg5 hxg5 0-1